000 01066nam a22002411a 4500
999 _c18279
_d18279
001 18279
003 OSt
005 20260204212358.0
008 170531s2016||||dr ||||||b||||||||||spa||
090 _aESP-GEM 2006 A267
100 1 _aAcosta Mora, Alfredo Antonio
_esustentante
245 1 _aDiseño de las políticas de recursos humanos de la empresa "Inversiones Pichardo Santos y Asoc." / Alfredo Antonio Acosta Mora, Felicita Morel Bueno ; asesor Marién Emilio Acosta
260 _aCotuí, República Dominicana :
_bUTECO,
_c2006
300 _a62 hojas
502 _aTesis (Especialidad en Gerencia Empresarial)--Universidad Tecnológica del Cibao Oriental, 2006.
504 _aincluye referencia bibliográfica e índice
650 4 _aDiseño de las políticas de recursos humanos
700 1 _aAcosta Mora, Alfredo Antonio
_esustentante
700 1 _aMorel Bueno, Felicita
_esustentante
700 1 _aAcosta, Marién Emilio
_easesor
830 _aTesis y disertaciones académicas (Universidad Tecnológica del Cibao Oriental)
942 _2LC
_cTH